000 00480nam a22001817a 4500
005 20251108173121.0
008 250721s2005 xx 000 0 ara d
082 1 4 _a811.08565/ ز
100 1 _aأبو زبيد، يوسف أحمد
245 1 0 _aيا سيدي " شعر " /
264 1 _aد.م :
_bد.ن،
_c2005.
300 _a67ص
650 1 7 _aالشعر العربي
650 1 7 _aالشعر الوطني
650 1 7 _aالأردن
942 _2ddc
_cBK
999 _c96455
_d96455